• 首页
  • 本馆介绍
  • 公告通知
  • 最新文献
  • 馆藏检索
  • 电子资源
  • 读者导购
  • 参考咨询
  • 我的图书馆
  • 登录
  • 详细信息显示
  • 放入我的书架
  • 预约/预借图书
  • 作者相关作品
  • 分类相关作品
  • 丛书相关作品
  • 出版社相关作品

书目信息

  • 表格格式
  • 工作单格式
  • 卡片格式
题名:
新手学人像与风光摄影一点通
    
 
作者: ;前沿摄影 编著
分册:  
出版信息: 北京   科学出版社  2012
页数: 176页
开本: 21cm
丛书名:
单 册:
中图分类: J413 , J414
科图分类:
主题词: 人像摄影--摄影技术--基本知识 , 风光摄影--摄影技术--基本知识
电子资源:
ISBN: 978-7-03-033919-5
000 01033nam0 2200265 450
001 337742
005 20150526101552.81
010    @a978-7-03-033919-5@dCNY35.00
100    @a20120528d2012 em y0chiy50 ea
101 0  @achi
102    @aCN@b110000
105    @aa z 000yy
106    @ar
200 1  @a新手学人像与风光摄影一点通@Axin shou xue ren xiang yu feng guang she ying yi dian tong@f前沿摄影编著
210    @a北京@c科学出版社@d2012
215    @a176页@c照片@d21cm@e光盘1片
307    @a附光盘 ISBN 978-7-89445-608-3
330    @a本书专门为想在短时间内掌握人像与风光摄影、提升摄影水准的读者编写, 是为初学数码摄影的新手量身打造的最实用、最有效的自学教程。书中全面、系统地介绍了人像与风光摄影的准备工作和必会基础技能、人像和风光摄影构图与用光技法, 以及色彩的运用技巧等相关知识。
606 0  @a人像摄影@x摄影技术@x基本知识
606 0  @a风光摄影@x摄影技术@x基本知识
690    @aJ413@v5
690    @aJ414@v5
711 02 @a前沿摄影@Aqian yan she ying@4编著
801  0 @aCN@b卓展宏图@c20150525
905    @dJ413@e289@f4
    
    新手学人像与风光摄影一点通/前沿摄影编著.-北京:科学出版社,2012
    176页:照片;21cm+光盘1片
    
    
    ISBN 978-7-03-033919-5:CNY35.00
    本书专门为想在短时间内掌握人像与风光摄影、提升摄影水准的读者编写, 是为初学数码摄影的新手量身打造的最实用、最有效的自学教程。书中全面、系统地介绍了人像与风光摄影的准备工作和必会基础技能、人像和风光摄影构图与用光技法, 以及色彩的运用技巧等相关知识。
●
相关链接 在E读中查询图书 在五车中查询图书 在当当中查询图书 在豆瓣中查询图书


正题名:新手学人像与风光摄影一点通     索取号:J413/289         预约/预借

序号 登录号 条形码 馆藏地/架位号 状态 备注
1 854514   208545145   第一样本阅览室/ [索取号:J413/289] 在馆    
2 854515   208545154   美术系资料室/ [索取号:J413/289] 在馆    
3 854516   208545163   第一借阅区/ [索取号:J413/289] 在馆    
4 854517   208545172   第一借阅区/ [索取号:J413/289] 在馆    
唐山师范学院图书馆 欢迎您!
大连网信软件有限公司© 版权所有